| 000 | 00594nam a2200193Ia 4500 | ||
|---|---|---|---|
| 003 | GCL | ||
| 008 | 140319s9999 xx 000 0 ara d | ||
| 040 |
_aGCL / _cGCL |
||
| 082 | 0 | 4 |
_a657.1 _bص م |
| 100 | 1 | _aصالح سليمان عيد | |
| 245 | 1 | 0 |
_aمحاسبة المصارف وشركات التامين / _cصالح سليمان عيد |
| 700 | 1 | _aاحمد خليفة | |
| 260 |
_a[S.N] : _bكلية المحاسبة - غريان (ليبيا) ، _c1992 |
||
| 300 | _a390 ص | ||
| 490 | _a | ||
| 650 | 0 | 4 | _aالمحاسبة |
| 650 | 0 | 4 | _aشركات التامين |
| 942 |
_2ddc _cBK |
||
| 999 |
_c51882 _d51882 |
||